| 000 | 00474nam a2200181 a 4500 | ||
|---|---|---|---|
| 001 | 0659 | ||
| 005 | 20140414132035.0 | ||
| 008 | 040915s19uu xx 00 eng d | ||
| 020 | _a0-590-22848-X | ||
| 050 |
_aTR _bM45 1994 |
||
| 100 | _aPinkney, Brian | ||
| 245 |
_aMax found two sticks / _cBrian Pinkney. |
||
| 260 |
_aNew York : _bScholastic, _c1994. |
||
| 300 | _a32 p. : ill. ; cm. | ||
| 650 |
_aSticks _xfiction. |
||
| 650 |
_aRhythms _xfiction. |
||
| 999 |
_c113700 _d113700 |
||